| 000 | 00614nam a2200229Ia 4500 | ||
|---|---|---|---|
| 003 | OSt | ||
| 005 | 20230417102937.0 | ||
| 008 | 210423s2009 xx 000 0 und d | ||
| 020 | _a9788120336049 | ||
| 040 | _cAL | ||
| 041 | _aeng | ||
| 082 |
_a338.5 CHAS _223 |
||
| 100 |
_aCHAUHAN (S P S) _989127 |
||
| 245 | _aMicroeconomics: theory and applications. P1 | ||
| 260 |
_aNew Delhi _bPHI Learning Pvt Ltd _c2009 |
||
| 300 |
_ax,420 _bPB |
||
| 365 |
_b295 _cINR |
||
| 650 |
_aEconomics _989128 |
||
| 650 |
_aMicrobiology _989129 |
||
| 906 | _aapplications. ; Microeconomics: ; P1 ; theory | ||
| 942 |
_2ddc _cBK |
||
| 999 |
_c159404 _d159404 |
||